000 00948cam a22003013a 4500
001 16413242
003 OSt
005 20140310182236.0
008 950720s1995 nyu j 000 1 eng d
010 _a 97809126
020 _a0671882015 (pbk.) :
_c$3.99
035 _a(OCoLC)ocm32847429
040 _aEOW
_cEOW
_dZZC
_dOCL
_dDLC
050 _aPZ 7
_b.K26n110 1995
082 _aFIC
_bK25nf #110
100 1 _aKeene, Carolyn.
_94653
245 1 0 _aHidden meanings /
_cCarolyn Keene.
260 _aNew York :
_bPocket Books,
_cc1995.
300 _a150 p. ;
_c18 cm.
440 0 _aNancy Drew files
_v#110
_918690
500 _a"An Archway paperback."
650 0 _aDrew, Nancy (Fictitious character)
_vFiction.
_918691
655 7 _aYoung adult fiction.
_2lcsh
_93735
710 2 _aCopyright Paperback Collection (Library of Congress)
_5DLC
_9705
906 _a7
_bcbc
_ccopycat
_d2
_encip
_f19
_gy-genrareb
942 _2lcc
_cBK-FIC
999 _c11036
_d11036